The Prairie Mother (Record no. 255266)
[ view plain ]
| 000 -LEADER | |
|---|---|
| fixed length control field | 00814cam a22002773a 4500 |
| 001 - CONTROL NUMBER | |
| control field | 26011 |
| 003 - CONTROL NUMBER IDENTIFIER | |
| control field | PGUSA |
| 005 - DATE AND TIME OF LATEST TRANSACTION | |
| control field | 20140828083547.0 |
| 008 - FIXED-LENGTH DATA ELEMENTS--GENERAL INFORMATION | |
| fixed length control field | 080708s2008||||xxu|||||s|||||000 1 eng d |
| 040 ## - CATALOGING SOURCE | |
| Original cataloging agency | PGUSA |
| Language of cataloging | eng |
| 042 ## - AUTHENTICATION CODE | |
| Authentication code | dc |
| 050 #4 - LIBRARY OF CONGRESS CALL NUMBER | |
| Classification number | PS |
| 100 1# - MAIN ENTRY--PERSONAL NAME | |
| Personal name | Stringer, Arthur, |
| Dates associated with a name | 1874-1950 |
| 245 14 - TITLE STATEMENT | |
| Title | The Prairie Mother |
| Medium | [electronic resource] / |
| Statement of responsibility, etc | Arthur Stringer |
| 260 ## - PUBLICATION, DISTRIBUTION, ETC. (IMPRINT) | |
| Name of publisher, distributor, etc | Project Gutenberg, |
| Date of publication, distribution, etc | 2008 |
| 506 ## - RESTRICTIONS ON ACCESS NOTE | |
| Terms governing access | Public domain in the USA. |
| 516 ## - TYPE OF COMPUTER FILE OR DATA NOTE | |
| Type of computer file or data note | Electronic text |
| 653 ## - INDEX TERM--UNCONTROLLED | |
| Uncontrolled term | Family life -- Fiction |
| 653 ## - INDEX TERM--UNCONTROLLED | |
| Uncontrolled term | Married people -- Fiction |
| 653 ## - INDEX TERM--UNCONTROLLED | |
| Uncontrolled term | Canada -- Fiction |
| 653 ## - INDEX TERM--UNCONTROLLED | |
| Uncontrolled term | Frontier and pioneer life -- Prairie Provinces -- Fiction |
| 700 1# - ADDED ENTRY--PERSONAL NAME | |
| Personal name | Becher, Arthur E. |
| 830 #0 - SERIES ADDED ENTRY--UNIFORM TITLE | |
| Uniform title | Project Gutenberg |
| Volume number/sequential designation | 26011 |
| 856 40 - ELECTRONIC LOCATION AND ACCESS | |
| Uniform Resource Identifier | <a href="http://www.gutenberg.org/ebooks/26011">http://www.gutenberg.org/ebooks/26011</a> |
| 942 ## - ADDED ENTRY ELEMENTS (KOHA) | |
| Koha item type | eBooks |
| Withdrawn status | Lost status | Damaged status | Home library | Current library | Date acquired | Total Checkouts | Date last seen | Price effective from | Koha item type |
|---|---|---|---|---|---|---|---|---|---|
| Project Gutenberg | Project Gutenberg | 08/28/2014 | 08/28/2014 | 08/28/2014 | eBooks |